Lenny Kravitz Songs on the Billboard Hot 100 Chart (USA) - Statistics

General Stats
  • This quiz has been taken 37 times
  • The average score is 6 of 16
Answer Stats
Peak Chart Position, Year Answer % Correct
49, 1999 American Woman
90%
12, 1999 Fly Away
83%
2, 1991 It Ain't Over 'til It's Over
59%
4, 2001 Again
55%
89, 1990 Let Love Rule
41%
60, 1993 Believe
34%
71, 2000 I Belong To You
34%
62, 1996 Can't Get You Off My Mind
28%
75, 1995 Rock And Roll Is Dead
28%
31, 2001 Dig In
24%
80, 1994 Heaven Help
24%
73, 2008 I'll Be Waiting
24%
76, 1991 Stand By My Woman
21%
98, 2004 (feat. Jay-Z) Storm
21%
69, 2004 Where Are We Runnin'?
21%
27, 2005 Lady
10%
No matching quizzes found
Score Distribution
Percent of People with Each Score
Percentile by Number Answered
Your Score History
You have not taken this quiz